| 000 | 00450nam a22001817a 4500 | ||
|---|---|---|---|
| 003 | Ost | ||
| 005 | 20220902183727.0 | ||
| 008 | 220902b |||||||| |||| 00| 0 eng d | ||
| 020 | _aNA | ||
| 040 | _cBT-PhCST | ||
| 050 | _a4582 | ||
| 082 |
_222 _a577 |
||
| 100 | _aReiss, M. J. and Chapman, J. L. | ||
| 245 |
_aEcology : _bprinciples and applications / |
||
| 260 |
_bCambridge University Press, _cc2005. |
||
| 300 |
_a0 _bill. ; |
||
| 942 |
_2ddc _cCIVIL |
||
| 999 |
_c3253 _d3253 |
||